| 000 | 00618nam a2200193 a 4500 | ||
|---|---|---|---|
| 001 | 1891 | ||
| 005 | 20140414131921.0 | ||
| 008 | 020412s19uu xx 00 eng d | ||
| 020 | _a0-307-11819-3 | ||
| 050 |
_aER _bSc1 1984 |
||
| 100 | _aMcGuire, Leslie | ||
| 245 |
_aScooter computer & Mr. Chips : _cby Leslie McGuire; illustrated by John Constanza. _bThe computer in the candy store / |
||
| 260 |
_aNew York : _bA Golden Book, _c1984. |
||
| 300 | _a1 v. (unp.) : ill. ; cm. | ||
| 440 | _aScooter Computer & Mr. Chips | ||
| 650 |
_aComputer _xFiction. |
||
| 650 |
_aChildren stories _xFiction. |
||
| 999 |
_c111743 _d111743 |
||